000 00630nam a2200217 i 4500
001 13642
003 ES-MaACL
005 20250824063026.0
007 t|
008 980326s1997 sp ||||0| spa
020 _a84-921554-9-3
080 _a821.134.2-14"19"
100 0 _aBenito, Angel de,
_d1950-
_927656
245 1 0 _aHasta el nunca del siguiente instante /
_cÁngel de Benito ; prólogo de María Fraguas.
250 _a1ª ed.
260 _aMadrid :
_bExlibris,
_c1997.
300 _a71 p. ;
_c24 cm.
700 1 _aFraguas de Pablo, María.
_952093
852 4 _aES-MaACL
_jL-21038
999 _c13642
_d13642